000 01364nam a2200217Ia 4500
000 01754naaa 00277uu
001 https://directory.doabooks.org/handle/20.500.12854/26662
005 20260218110046.0
008 211013s9999 xx 000 0 und d
042 _adc
100 1 _aKelly, Michael J.
245 0 _aTheories of History : History Read across the Humanities
260 _bBloomsbury Academic
_c2018
520 _aThis book considers 'history' through its supplementary function to the field rather than the ground of a study, bringing new insights into historical thinking and historiography across the humanities. It fosters engagement from around the disciplines in historical thinking and invites historians and philosophers of history to see the impact of their work outside of their own specific fields. Essays in this volume discuss music history, linguistics, dance studies, paintings, film and archaeology. This book is essential reading for those interested in the practice of history, philosophy and the humanities more broadly.
540 _aCreative Commons
653 _aHistory
700 1 _aRose, Arthur
856 _uhttps://docs.google.com/spreadsheets/d/1yKIrdCPDAG_9c22mwoOIO2DOhtj65Wqa/edit?usp=sharing&ouid=106555315294820607512&rtpof=true&sd=true
_yList of Curated E-Books
942 _cE-BOOK
999 _c91031
_d91028